Statistiques concernant Héroïnes Disney par images #2

Cliquez ici pour prendre le quiz!

Statistiques générales

  • Ce quiz a été pris 1 757 fois
  • Le résultat moyen est 11 sur 16

Statistiques - réponses

Réponse% Correct
Cendrillon
99%
Minnie Mouse
99%
Elsa
98%
Raiponce
98%
Jasmine
97%
Lady
96%
Pocahontas
92%
Tiana
81%
Mérida
69%
Raya
65%
Vanellope von Schweetz
57%
Judy Hopps
46%
Megara
46%
Maman Gourou
33%
Perdita
30%
Asha
24%

Distribution des résultats

Percentile par nombre de réponses

% des personnes avec chaque résultat

Votre développement - résultats

Vous n’avez pas pris ce quiz